00274nam a2200109Ia 4500008004100000041000800041100001800049245002500067260003500092300000900127700002800136250110s9999 xx 000 0 und d aeng aAngal Manasee aInstitiute Of Design bFinal Year B. Arch, BNCAc2014 a136p aGuide Name:karve sujata